Imperialism and the anti-imperialist mind /

Bibliographic Details
Main Author: Feuer, Lewis S. (Lewis Samuel), 1912-2002
Format: Book
Language:English
Published: Buffalo, N.Y. : Prometheus Books, [1986]
Subjects:

MARC

Tag First Indicator Second Indicator Subfields
LEADER 00000cam a2200000 a 4500
001 in00000440821
005 20151012073828.0
008 860225s1986 nyu b 00110 eng
010 |a  86042575  
020 |a 0879753390 
035 |a (OCoLC)13336928 
035 |9 ABX1259AM 
040 |a DLC  |c DLC  |d TXA  |d UtOrBLW 
049 |a TXAM  |c [A09724705] 
050 0 0 |a JC359  |b .F48 1986 
082 0 |a 325/.32  |2 19 
100 1 |a Feuer, Lewis S.  |q (Lewis Samuel),  |d 1912-2002. 
245 1 0 |a Imperialism and the anti-imperialist mind /  |c Lewis Feuer. 
264 1 |a Buffalo, N.Y. :  |b Prometheus Books,  |c [1986] 
264 4 |c ©1986 
300 |a vi, 265 pages ;  |c 24 cm. 
336 |a text  |b txt  |2 rdacontent 
337 |a unmediated  |b n  |2 rdamedia 
338 |a volume  |b nc  |2 rdacarrier 
500 |a Includes index. 
504 |a Bibliography: pages 216-258. 
650 0 |a Imperialism. 
650 0 |a Anti-imperialist movements. 
650 0 |a Progress. 
650 0 |a Regression (Civilization) 
999 |a MARS 
999 f f |s e33999fb-a98a-3201-8072-2b93e8a07207  |i 87417bbe-d232-36f4-8277-4e574e409f64  |t 0 
952 f f |p ric  |a Texas A&M University  |b Rellis Campus  |c Joint Library Facility  |d Remote Storage  |t 0  |e JC359 .F48 1986  |h Library of Congress classification  |i unmediated -- volume  |m A14809724705 
998 f f |a JC359 .F48 1986  |t 0  |l Remote Storage